[Event "Let's Play Chess!"]
[Site "http://www.queenalice.com/game.php?id=1351259"]
[Date "2015.4.2"]
[Round "-"]
[White "Bategoll"]
[Black "Ramses_Chess"]
[Result "0-1"]
[WhiteElo "1849"]
[BlackElo "1927"]

1. d4 d5 2. Nf3 Nf6 3. Nc3 e6 4. Bd2 Be7 5. e3 O-O 6. Bd3 c5 7. O-O c4 8. Be2
Nc6 9. a3 a6 10. Rb1 b5 11. Qc1 b4 12. axb4 Bxb4 13. Nd1 Bxd2 14. Qxd2 Ne4 15.
Qe1 Qd6 16. Nc3 f5 17. Qd1 Bd7 18. Nd2 Nxc3 19. bxc3 a5 20. f4 a4 21. Nf3 a3 22.
Ne5 Nxe5 23. fxe5 Qc7 24. Ra1 a2 25. Qc1 Qa5 26. g4 g6 27. gxf5 exf5 28. Qe1
Rfb8 29. Qg3 Qxc3 30. Bf3 Qxe3+ 31. Kh1 Be6 32. Qh4 Bf7 33. Qf6 Qxd4 34. e6 Qxf6
0-1

[Event "AUTO-ADV-3386"]
[Site "http://www.queenalice.com/game.php?id=1351295"]
[Date "2015.4.2"]
[Round "1"]
[White "burt_loml"]
[Black "Ramses_Chess"]
[Result "1-0"]
[WhiteElo "1902"]
[BlackElo "1959"]

1. c4 e5 2. Nc3 Nf6 3. e4 Be7 4. Nf3 d6 5. h3 O-O 6. d4 exd4 7. Nxd4 Bd7 8. Be2
Nc6 9. Be3 Re8 10. Qb3 b6 11. O-O Nxd4 12. Bxd4 c5 13. Be3 Qc7 14. Nd5 Nxd5 15.
exd5 Bf6 16. Rad1 Bf5 17. Bd3 Qd7 18. Bxf5 Qxf5 19. g4 Qf3 20. Bc1 Qxb3 21. axb3
Re2 22. Rfe1 Rae8 23. Rxe2 Rxe2 24. Kf1 Rc2 25. Re1 g5 26. Kg2 h6 27. Kf3 Kf8
28. Ke3 Bxb2 29. Bxb2 Rxb2 30. Ke4 Rxb3 31. f3 a5 32. Kf5 Rxf3+ 33. Ke4 Rb3 34.
Rh1 a4 35. Kf5 Rb4 36. Rc1 a3 37. Kf6 a2 38. Ra1 Rb2 39. Kf5 Kg7 40. Ke4 Kg6 41.
Kd3 f5 42. Kc3 Rh2 43. Kb3 fxg4 44. hxg4 h5 45. gxh5+ 1-0

[Event "AUTO-ADV-3386"]
[Site "http://www.queenalice.com/game.php?id=1351296"]
[Date "2015.4.2"]
[Round "1"]
[White "Ramses_Chess"]
[Black "burt_loml"]
[Result "1-0"]
[WhiteElo "1948"]
[BlackElo "1859"]

1. e4 e6 2. d4 d5 3. Nc3 c5 4. dxc5 d4 5. Nce2 Bxc5 6. Nf3 Nc6 7. Ng3 e5 8. Bc4
Nf6 9. O-O O-O 10. h3 a6 11. a3 b5 12. Ba2 Bb7 13. Bg5 h6 14. Bxf6 Qxf6 15. Bd5
Rad8 16. Qe2 Rd7 17. b4 Bb6 18. Rad1 Rc8 19. Rd2 Ne7 20. Bb3 Ng6 21. Nf5 Rc3 22.
Ne3 Bxe4 23. Ng4 Qf5 24. Ngh2 Nf4 25. Qd1 Qg6 26. Ng4 Bc7 27. Nh4 Qg5 28. Re1
Nxh3+ 29. gxh3 h5 30. Rxe4 Qxh4 31. Nh6+ gxh6 32. Rxh4 e4 33. Qxh5 1-0

[Event "AUTO-ADV-3386"]
[Site "http://www.queenalice.com/game.php?id=1351309"]
[Date "2015.4.2"]
[Round "1"]
[White "Ramses_Chess"]
[Black "brunocalixto"]
[Result "0-1"]
[WhiteElo "1908"]
[BlackElo "1790"]

1. e4 c5 2. Nf3 d6 3. d4 cxd4 4. Nxd4 Nf6 5. Nc3 g6 6. Be3 Bg7 7. f3 O-O 8. Qd2
Nc6 9. O-O-O Ne5 10. Be2 a6 11. g4 b5 12. h4 h5 13. gxh5 Nxh5 14. f4 Ng4 15.
Rdg1 Nxe3 16. Bxh5 Nc4 17. Qf2 gxh5 18. b3 e5 19. Nf5 Bxf5 20. exf5 f6 21. Qg2
Ra7 22. bxc4 Qd7 23. Qg6 exf4 24. Qxh5 Qf7 25. Qxf7+ Kxf7 26. cxb5 axb5 27. Nxb5
Ra6 28. Nc7 Ra5 29. Ne6 Rg8 30. Nxg7 Rxg7 31. Rxg7+ Kxg7 32. Kb2 Rxf5 33. a4 f3
34. Rf1 Kh6 35. Kb3 Kh5 36. Kb4 Kxh4 37. a5 Kg3 38. a6 Rg5 39. a7 Rg8 0-1

[Event "AUTO-ADV-3386"]
[Site "http://www.queenalice.com/game.php?id=1351310"]
[Date "2015.4.2"]
[Round "1"]
[White "brunocalixto"]
[Black "Ramses_Chess"]
[Result "1-0"]
[WhiteElo "1767"]
[BlackElo "1931"]

1. e4 e5 2. Nf3 Nc6 3. Bc4 Nf6 4. Nc3 Be7 5. O-O O-O 6. d4 exd4 7. Nxd4 Nxd4 8.
Qxd4 d6 9. Qe3 Ng4 10. Qg3 Bh4 11. Qf3 Ne5 12. Qe2 Nxc4 13. Qxc4 Be6 14. Qe2 Bf6
15. h3 Re8 16. Bd2 Qe7 17. a4 Rad8 18. b4 Bd4 19. Qd3 Qf6 20. Qg3 Bc4 21. Rfe1
h6 22. Rab1 Qg6 23. Qxg6 fxg6 24. Nd5 Rf8 25. Be3 Bxe3 26. Nxe3 Be6 27. c4 Rf6
28. f3 Rdf8 29. a5 a6 30. b5 Ra8 31. b6 c6 32. Red1 Rd8 33. e5 Rff8 34. exd6 c5
35. Nd5 Rd7 36. Rb2 Bxd5 37. Rxd5 Rf6 38. Rxc5 1-0

[Event "AUTO-OPEN-3461"]
[Site "http://www.queenalice.com/game.php?id=1351326"]
[Date "2015.4.2"]
[Round "1"]
[White "Dalri_Ultreya"]
[Black "Ramses_Chess"]
[Result "0-1"]
[WhiteElo "1700"]
[BlackElo "1960"]

1. d4 d5 2. Nc3 Nf6 3. Bf4 c6 4. e3 e6 5. Bd3 Bb4 6. Nf3 Qa5 7. O-O Bxc3 8. bxc3
Qxc3 9. Be5 Nbd7 10. Bd6 Ne4 11. Bf4 Ndf6 12. h3 O-O 13. Be5 Qa5 14. Bxf6 Nxf6
15. c4 h6 16. c5 Qc7 17. a4 Nd7 18. Qc2 e5 19. Nxe5 Nxe5 20. Bh7+ Kh8 21. f4 Nc4
22. Bf5 Nxe3 23. Qf2 Nxf5 24. Rfe1 Qd8 25. g3 Re8 26. Rxe8+ Qxe8 27. Re1 Qd8 28.
Kg2 Bd7 29. Re2 Qf6 30. Rd2 Re8 31. Rd3 Re4 32. Qf3 Rxd4 33. Ra3 Rd2+ 34. Kg1
Qb2 0-1

[Event "AUTO-OPEN-3461"]
[Site "http://www.queenalice.com/game.php?id=1351327"]
[Date "2015.4.2"]
[Round "1"]
[White "Ramses_Chess"]
[Black "Dalri_Ultreya"]
[Result "1-0"]
[WhiteElo "1987"]
[BlackElo "1693"]

1. e4 e5 2. Nf3 Nc6 3. Bb5 Nf6 4. d3 d6 5. O-O a6 6. Ba4 b5 7. Bb3 Be7 8. c3 O-O
9. h3 Nh5 10. Be3 Nf4 11. Bxf4 exf4 12. Qd2 Bg5 13. Bd5 Bb7 14. Nxg5 Qe7 15.
Qxf4 Qf6 16. Qd2 Nd8 17. Bxb7 Nxb7 18. f4 h6 19. Nf3 Nc5 20. e5 dxe5 21. fxe5
Qf5 22. d4 Ne4 23. Qe3 c6 24. Nfd2 Qe6 25. Qxe4 Rad8 26. Qf5 Qd5 27. Qf3 Qe6 28.
Ne4 a5 29. Qg3 b4 30. Nbd2 f5 31. Nd6 Rd7 32. Nf3 f4 33. Qg4 Qxg4 34. hxg4 g5
35. Rfe1 Kg7 36. Nf5+ Kg6 37. e6 Rc7 38. e7 Re8 39. Re6+ Kf7 40. Rxh6 Rexe7 41.
Rh7+ Kf8 42. Rxe7 1-0

[Event "AUTO-OPEN-3461"]
[Site "http://www.queenalice.com/game.php?id=1351354"]
[Date "2015.4.2"]
[Round "1"]
[White "uschmidi"]
[Black "Ramses_Chess"]
[Result "1-0"]
[WhiteElo "2088"]
[BlackElo "1941"]

1. d4 d5 2. Bf4 Nf6 3. Nf3 e6 4. e3 Be7 5. h3 O-O 6. c4 c5 7. Bd3 Nc6 8. O-O Bd7
9. Nc3 a6 10. cxd5 exd5 11. dxc5 Bxc5 12. Bg5 Be6 13. Qc2 h6 14. Bh4 Be7 15.
Rad1 Qc7 16. Be2 Rfd8 17. Nd4 Nxd4 18. Rxd4 Rac8 19. Bg3 Bd6 20. Bxd6 Rxd6 21.
Bf3 b5 22. Qd3 Rcd8 23. Rc1 Qd7 24. Ne2 Bf5 25. Qb3 Be4 26. Bxe4 dxe4 27. Rcd1
Rxd4 28. Nxd4 Qc7 29. a4 bxa4 30. Qxa4 Qb6 31. Qc2 Rb8 32. b3 Qb7 33. Qc5 Rc8
34. Qa3 Qb6 35. Ra1 Ra8 36. Rc1 a5 37. Nc6 Kh7 38. Ne5 Qe6 39. Rc5 Rb8 40. Rxa5
Rxb3 41. Qf8 Rb7 42. Qa8 Rb1+ 43. Kh2 Qd6 44. f3 exf3 45. Qxf3 Rb8 46. Kg1 Rb1+
47. Kh2 Rb8 48. Qf5+ Kg8 49. Ra7 Rf8 50. Kg1 Qb6 51. Ra3 Qb2 52. Rd3 Qc1+ 53.
Kf2 Qc2+ 54. Kf3 Qc1 55. e4 Qf1+ 56. Kg3 Qe1+ 57. Kh2 Qxe4 58. Qxe4 Nxe4 59. Re3
Nf6 60. g4 Nd5 61. Rf3 Ne7 62. Kg3 f5 63. gxf5 Rxf5 64. Rxf5 1-0

[Event "AUTO-OPEN-3461"]
[Site "http://www.queenalice.com/game.php?id=1351355"]
[Date "2015.4.2"]
[Round "1"]
[White "Ramses_Chess"]
[Black "uschmidi"]
[Result "1/2-1/2"]
[WhiteElo "1948"]
[BlackElo "1949"]

1. e4 e5 2. Nf3 Nc6 3. Bb5 d6 4. d4 Bd7 5. dxe5 Nxe5 6. Bxd7+ Nxd7 7. O-O Be7 8.
Nc3 Ngf6 9. Be3 O-O 10. Qd2 Ng4 11. Bf4 Bf6 12. h3 Nge5 13. Nxe5 Nxe5 14. Bxe5
Bxe5 15. f4 Bxc3 16. Qxc3 Re8 17. Rfe1 c6 18. Rad1 Qh4 19. Qf3 Rad8 20. Qf2 Qh6
21. c4 b6 22. b3 Re6 23. f5 Re5 24. Qf3 Qf6 25. Re3 Re7 26. Qf4 Red7 27. Red3
Kf8 28. g4 g6 29. g5 Qe7 30. f6 Qe6 31. Qh4 h5 32. gxh6 Kg8 33. h7+ Kh8 34. Rf3
Qe8 35. Rfd3 Qe5 36. Rf3 Qh5 37. Qxh5 gxh5 38. Rf5 Kxh7 39. Rxh5+ Kg6 40. Rf5
Re8 41. Rf4 b5 42. cxb5 cxb5 43. Rd5 a6 44. Rdf5 Re5 45. Rg4+ Kh6 46. Rgg5 Rxe4
47. Rh5+ Kg6 48. Rhg5+ Kh6 49. Rh5+ 1/2-1/2

[Event "AUTO-OPEN-3461"]
[Site "http://www.queenalice.com/game.php?id=1351374"]
[Date "2015.4.2"]
[Round "1"]
[White "Ramses_Chess"]
[Black "CCapivara"]
[Result "1/2-1/2"]
[WhiteElo "1935"]
[BlackElo "2287"]

1. e4 d6 2. d4 Nf6 3. Nc3 c6 4. Nf3 Bg4 5. Be2 Nbd7 6. O-O e5 7. dxe5 dxe5 8.
Bg5 Bb4 9. Qd3 Qc7 10. Rad1 Rd8 11. Bxf6 gxf6 12. Qe3 b6 13. Qh6 Bxc3 14. bxc3
Ke7 15. h3 Be6 16. Nh4 Nc5 17. Nf5+ Bxf5 18. exf5 Ne4 19. Rxd8 Qxd8 20. Rd1 Qc8
21. Qe3 Nd6 22. g4 h5 23. f3 hxg4 24. fxg4 c5 25. Qd3 Qc6 26. Bf1 b5 27. Bg2 Qb6
28. Kh2 c4 29. Qg3 Qa5 30. Bc6 Qxa2 31. Qg2 a5 32. Rxd6 Kxd6 33. Qd5+ Kc7 34.
Qd7+ Kb6 35. Qb7+ Kc5 36. Qxb5+ Kd6 37. Qd5+ Kc7 38. Qd7+ Kb6 39. Qb7+ Kc5 40.
Qb5+ 1/2-1/2

[Event "AUTO-OPEN-3461"]
[Site "http://www.queenalice.com/game.php?id=1351375"]
[Date "2015.4.2"]
[Round "1"]
[White "CCapivara"]
[Black "Ramses_Chess"]
[Result "1/2-1/2"]
[WhiteElo "2288"]
[BlackElo "1949"]

1. e4 e5 2. f4 exf4 3. Nf3 d6 4. Bc4 Be6 5. Qe2 Bxc4 6. Qxc4 Nc6 7. O-O Be7 8.
d4 g5 9. d5 Ne5 10. Nxe5 dxe5 11. Qb5+ Kf8 12. Qxb7 Bc5+ 13. Kh1 Nf6 14. Nc3 Ng4
15. h3 h5 16. Qc6 Bb6 17. Na4 Nf2+ 18. Kh2 g4 19. Nxb6 axb6 20. Bd2 g3+ 21. Kg1
Nxe4 22. Bb4+ Kg7 23. Rae1 f5 24. Qe6 Qf6 25. Qd7+ Qf7 26. Qc6 Rxa2 27. Ba3 Re8
28. Rd1 Rxa3 29. bxa3 Nf2 30. Rd2 f3 31. gxf3 f4 32. Kg2 Re7 33. d6 cxd6 34.
Rxd6 e4 35. fxe4 Nxe4 36. Rd4 Nf2 37. Qf3 Qf5 38. Rxf2 gxf2 39. Rxf4 Qg6+ 40.
Qg3 Qxg3+ 41. Kxg3 Re3+ 42. Kxf2 Rxh3 43. Rb4 Rh2+ 44. Kg3 Rxc2 45. Rxb6 Rc3+
46. Kh4 Rxa3 47. Kxh5 Ra5+ 1/2-1/2

[Event "AUTO-MASTER-2278"]
[Site "http://www.queenalice.com/game.php?id=1352245"]
[Date "2015.4.7"]
[Round "1"]
[White "luismabibbo"]
[Black "Ramses_Chess"]
[Result "1-0"]
[WhiteElo "1993"]
[BlackElo "1974"]

1. e4 e5 2. Nf3 Nc6 3. Bc4 Nf6 4. d3 Bc5 5. h3 O-O 6. Nc3 h6 7. Qe2 d6 8. Be3
Nd4 9. Qd1 Be6 10. Bxe6 Nxe6 11. Bxc5 Nxc5 12. O-O Qe7 13. b4 Ncd7 14. a3 c6 15.
b5 Rac8 16. Qd2 a6 17. bxa6 bxa6 18. Na4 Rb8 19. Qa5 Ra8 20. Rfb1 Rfc8 21. Rb7
Qd8 22. Qxd8+ Rxd8 23. Rab1 Rdb8 24. c4 Rxb7 25. Rxb7 Rb8 26. Rxb8+ Nxb8 27. Nb6
Kf8 28. Kf1 Ke7 29. Ke2 Nfd7 30. Nxd7 1-0

[Event "AUTO-MASTER-2278"]
[Site "http://www.queenalice.com/game.php?id=1352246"]
[Date "2015.4.7"]
[Round "1"]
[White "Ramses_Chess"]
[Black "luismabibbo"]
[Result "0-1"]
[WhiteElo "1991"]
[BlackElo "1976"]

1. e4 e5 2. Nf3 d6 3. d4 exd4 4. Nxd4 Nf6 5. Nc3 Be7 6. Bc4 Bd7 7. O-O Nc6 8. a3
a6 9. f3 b5 10. Ba2 Qb8 11. Be3 b4 12. Nxc6 Bxc6 13. Nd5 bxa3 14. bxa3 Bd8 15.
Rb1 Qc8 16. Re1 O-O 17. Bd4 Nxd5 18. Bxd5 Bxd5 19. exd5 Qf5 20. c4 Bh4 21. Re4
Bg5 22. Rg4 Rab8 23. Rb4 a5 24. Rb5 Rfe8 0-1

[Event "AUTO-MASTER-2278"]
[Site "http://www.queenalice.com/game.php?id=1352261"]
[Date "2015.4.7"]
[Round "1"]
[White "pomar"]
[Black "Ramses_Chess"]
[Result "0-1"]
[WhiteElo "2165"]
[BlackElo "1906"]

1. f3 e5 2. Kf2 Bc5+ 3. e3 d5 4. g3 d4 5. Be2 Nf6 6. c4 O-O 7. Qb3 e4 8. fxe4
Nxe4+ 9. Kg2 Qf6 10. Bf3 Qg6 11. d3 Ng5 12. Bxb7 Bxb7+ 13. Qxb7 Na6 14. e4 Nb4
15. Qb5 Nxd3 16. Bxg5 Qxe4+ 17. Nf3 Qe2+ 18. Kh3 Qxf3 0-1

[Event "AUTO-MASTER-2278"]
[Site "http://www.queenalice.com/game.php?id=1352262"]
[Date "2015.4.7"]
[Round "1"]
[White "Ramses_Chess"]
[Black "pomar"]
[Result "1/2-1/2"]
[WhiteElo "1960"]
[BlackElo "2117"]

1. e4 e6 2. d4 d5 3. Nc3 c5 4. dxc5 d4 5. Nce2 Bxc5 6. Nf3 Nc6 7. Bf4 Nf6 8. Ng3
Qa5+ 9. Bd2 Bb4 10. a3 Bxd2+ 11. Qxd2 Qxd2+ 12. Nxd2 e5 13. Bb5 Bd7 14. Nc4 O-O
15. Bxc6 Bxc6 16. f3 Nd7 17. Nf5 g6 18. Ne7+ Kg7 19. Na5 Nb8 20. Nexc6 Nxc6 21.
Nb3 f5 22. exf5 gxf5 23. O-O e4 24. fxe4 fxe4 25. Rxf8 Rxf8 26. Rf1 Rxf1+ 27.
Kxf1 b6 28. Kf2 Kf6 29. g4 Ke5 30. Kg3 a5 31. Nc1 Nd8 32. h4 Ne6 33. Ne2 d3 34.
cxd3 exd3 35. Nc3 Nd4 36. Kf2 Kf4 37. h5 Kxg4 38. Ke3 Ne2 39. Nd5 Kxh5 40. Kxd3
Ng3 41. Nxb6 Kg4 42. Nd7 Kf5 43. b4 axb4 44. axb4 h5 45. Ke3 Ke6 46. Nc5+ Ke5
47. Kf3 Nf5 48. Nd3+ Kd4 49. Nf4 Kc4 50. Nxh5 1/2-1/2

[Event "AUTO-MASTER-2278"]
[Site "http://www.queenalice.com/game.php?id=1352271"]
[Date "2015.4.7"]
[Round "1"]
[White "dadge"]
[Black "Ramses_Chess"]
[Result "1-0"]
[WhiteElo "2107"]
[BlackElo "1966"]

1. e4 e5 2. Nf3 Nc6 3. Bb5 Nf6 4. O-O Nxe4 5. d4 Nd6 6. dxe5 Nxb5 7. c4 Nd6 8.
exd6 Bxd6 9. Bg5 f6 10. Bh4 O-O 11. Nc3 Ne5 12. Qd5+ Nf7 13. Ne4 Kh8 14. Nxd6
Nxd6 15. c5 Nf7 16. Rad1 d6 17. h3 c6 18. Qc4 d5 19. Qc3 Bf5 20. Rfe1 Qd7 21.
Nd4 Bg6 22. Re2 Rfe8 23. Rde1 Rxe2 24. Rxe2 Re8 25. Rxe8+ Qxe8 26. f4 Be4 27. b4
Nh6 28. g4 Kg8 29. Qe3 Qd7 30. Kh2 Qxg4 31. Qg3 Qxg3+ 32. Bxg3 Nf5 33. Nxf5 Bxf5
34. Bf2 g5 35. fxg5 fxg5 36. Kg3 Kf7 37. Be3 Kf6 38. Bd4+ Kg6 39. a4 a6 40. h4
gxh4+ 41. Kxh4 Bc2 42. a5 h5 43. Be3 Bd1 44. Kg3 Kf5 45. Bd2 d4 46. Kf2 Ke4 47.
Ke1 Bg4 48. Bg5 Kd3 49. Bd2 1-0

[Event "AUTO-MASTER-2278"]
[Site "http://www.queenalice.com/game.php?id=1352272"]
[Date "2015.4.7"]
[Round "1"]
[White "Ramses_Chess"]
[Black "dadge"]
[Result "1-0"]
[WhiteElo "1932"]
[BlackElo "1937"]

1. e4 c5 2. Nf3 d6 3. d4 cxd4 4. Nxd4 Nf6 5. Nc3 a6 6. Bg5 e6 7. f4 Be7 8. Qf3
Nc6 9. O-O-O Bd7 10. g4 Rc8 11. Be2 Nxd4 12. Rxd4 Qb6 13. Rhd1 h6 14. Bxf6 gxf6
15. f5 e5 16. Nd5 Qc5 17. Rc4 Qa5 18. Rxc8+ Bxc8 19. Kb1 b5 20. Qf2 Bb7 21. Nxe7
Kxe7 22. Bd3 Qc7 23. h4 Qc5 24. Qe2 d5 25. exd5 Bxd5 26. b3 Rc8 27. g5 hxg5 28.
hxg5 Qc6 29. gxf6+ Kxf6 30. Re1 e4 31. Rh1 exd3 32. Rh6+ Kxf5 33. Qh5+ Ke4 34.
cxd3+ Kxd3 35. Rxc6 1-0

[Event "AUTO-INT-2967"]
[Site "http://www.queenalice.com/game.php?id=1364472"]
[Date "2015.6.9"]
[Round "2"]
[White "Ramses_Chess"]
[Black "kpfingaz"]
[Result "0-1"]
[WhiteElo "1887"]
[BlackElo "1627"]

1. e4 e5 2. Nf3 d6 3. d4 h6 4. dxe5 Nd7 5. exd6 Bxd6 6. Bc4 Qe7 7. O-O c6 8. e5
Nxe5 9. Nxe5 Bxe5 10. Re1 f6 11. Kh1 Qc5 12. Bxg8 Rxg8 13. f4 Be6 14. fxe5 f5
15. Qd6 Qc4 16. Rd1 Bd5 17. Qg6+ Bf7 18. Qxf5 Be6 19. Qg6+ Bf7 20. Qd3 Qg4 21.
Nc3 Bc4 22. Qe4 Qe6 23. Bf4 Rc8 24. Rd6 Qf7 25. e6 Qe7 0-1

[Event "AUTO-INT-2967"]
[Site "http://www.queenalice.com/game.php?id=1364473"]
[Date "2015.6.9"]
[Round "2"]
[White "kpfingaz"]
[Black "Ramses_Chess"]
[Result "1-0"]
[WhiteElo "1653"]
[BlackElo "1861"]

1. d4 Nf6 2. Nd2 d5 3. h3 Bf5 4. c3 e6 5. Qa4+ c6 6. b4 b5 7. Qd1 a5 8. a3 axb4
9. cxb4 Bxb4 10. Qb3 Bd6 11. Ndf3 Nbd7 12. g4 Be4 13. Bg2 Ra4 14. Bg5 Qa5+ 15.
Kf1 Rxa3 16. Rxa3 Qxa3 17. Qd1 O-O 18. Nd2 Bxg2+ 19. Kxg2 h6 20. Bh4 g5 21. Bxg5
hxg5 22. Ngf3 Ra8 23. e3 Nh7 24. h4 f6 25. hxg5 Nxg5 26. Nh4 Kg7 27. Rh3 1-0